<?xml version="1.0" encoding="UTF-8"?><?xml-stylesheet type="text/xsl" href="static/style.xsl"?><OAI-PMH xmlns="http://www.openarchives.org/OAI/2.0/" xmlns:xsi="http://www.w3.org/2001/XMLSchema-instance" xsi:schemaLocation="http://www.openarchives.org/OAI/2.0/ http://www.openarchives.org/OAI/2.0/OAI-PMH.xsd"><responseDate>2026-04-17T21:35:54Z</responseDate><request verb="GetRecord" identifier="oai:www.recercat.cat:2117/395102" metadataPrefix="marc">https://recercat.cat/oai/request</request><GetRecord><record><header><identifier>oai:recercat.cat:2117/395102</identifier><datestamp>2025-07-23T01:58:01Z</datestamp><setSpec>com_2072_1033</setSpec><setSpec>col_2072_452951</setSpec></header><metadata><record xmlns="http://www.loc.gov/MARC21/slim" xmlns:dcterms="http://purl.org/dc/terms/" xmlns:xsi="http://www.w3.org/2001/XMLSchema-instance" xmlns:doc="http://www.lyncode.com/xoai" xsi:schemaLocation="http://www.loc.gov/MARC21/slim http://www.loc.gov/standards/marcxml/schema/MARC21slim.xsd">
   <leader>00925njm 22002777a 4500</leader>
   <datafield ind2=" " ind1=" " tag="042">
      <subfield code="a">dc</subfield>
   </datafield>
   <datafield ind2=" " ind1=" " tag="720">
      <subfield code="a">Pinyol i Sarrias, Irene</subfield>
      <subfield code="e">author</subfield>
   </datafield>
   <datafield ind2=" " ind1=" " tag="720">
      <subfield code="a">Ginot i Julià, Bernat</subfield>
      <subfield code="e">author</subfield>
   </datafield>
   <datafield ind2=" " ind1=" " tag="260">
      <subfield code="c">2023-09-13</subfield>
   </datafield>
   <datafield ind2=" " ind1=" " tag="520">
      <subfield code="a">A Malgrat de Mar, una ubicació geogràfica amb gran&#xd;
potencial, però també altament vulnerable als canvis&#xd;
mediambientals, es troba un projecte en un emplaçament&#xd;
estratègic que actua com a límit entre la muntanya i la ciutat.&#xd;
La proposta busca ser un punt de transició entre aquests,&#xd;
consolidant un jardí existent amb un potencial sense&#xd;
explorar.&#xd;
La construcció d’un nou perímetre ofereix&#xd;
oportunitats per a activar la zona i connectar la ciutat amb&#xd;
el bosc, preservant al mateix temps la identitat del lloc i&#xd;
generant noves activitats.&#xd;
Es planteja la creació d’un edifici polivalent destinat&#xd;
principalment a activitats escèniques i culturals. Aquest&#xd;
edifici adopta un llenguatge arquitectònic que fusiona els&#xd;
tres elements que el defineixen: el món agrari, el cultural i&#xd;
l’escènic.</subfield>
   </datafield>
   <datafield ind2=" " ind1=" " tag="520">
      <subfield code="a">En Malgrat de Mar, una ubicación geográfica con gran&#xd;
potencial pero también altamente vulnerable a los cambios&#xd;
medioambientales, se encuentra un proyecto en un&#xd;
emplazamiento estratégico que actúa como límite entre la&#xd;
montaña y la ciudad. La propuesta busca ser un punto de&#xd;
transición entre la ciudad y la montaña, consolidando un&#xd;
jardín existente con un potencial sin explorar.&#xd;
La construcción de un nuevo perímetro ofrece&#xd;
oportunidades para activar la zona y conectar la ciudad con&#xd;
el bosque, preservando al mismo tiempo la identidad del&#xd;
lugar y generando nuevas actividades.&#xd;
Se plantea la creación de un edificio polivalente&#xd;
destinado principalmente a actividades escénicas y&#xd;
culturales. Este edificio adopta un lenguaje arquitectónico&#xd;
que fusiona los tres elementos que lo definen: el mundo&#xd;
agrario, el cultural y el escénico</subfield>
   </datafield>
   <datafield ind2=" " ind1=" " tag="520">
      <subfield code="a">In Malgrat de Mar, a geographical location with great&#xd;
potential but also highly vulnerable to environmental&#xd;
changes,a project is planned in a strategic location that&#xd;
acts as a boundary between the mountain and the city. The&#xd;
proposal seeks to be a transition point between these two,&#xd;
consolidating an existing garden with unexplored potential.&#xd;
Building a new perimeter offers opportunities to&#xd;
activate the area and connect the city to the forest, while&#xd;
preserving the identity of the site and generating new&#xd;
activities.&#xd;
The creation of a multi-purpose building aimed&#xd;
mainly at performing and cultural activities is planned. This&#xd;
building adopts an architectural language that merges the&#xd;
three defining elements: the agrarian, cultural and scenic&#xd;
worlds.</subfield>
   </datafield>
   <datafield tag="653" ind2=" " ind1=" ">
      <subfield code="a">Àrees temàtiques de la UPC::Arquitectura::Tipologies d'edificis</subfield>
   </datafield>
   <datafield tag="653" ind2=" " ind1=" ">
      <subfield code="a">Arts facilities</subfield>
   </datafield>
   <datafield tag="653" ind2=" " ind1=" ">
      <subfield code="a">Gardens -- Design</subfield>
   </datafield>
   <datafield tag="653" ind2=" " ind1=" ">
      <subfield code="a">Malgrat de mar</subfield>
   </datafield>
   <datafield tag="653" ind2=" " ind1=" ">
      <subfield code="a">teatre</subfield>
   </datafield>
   <datafield tag="653" ind2=" " ind1=" ">
      <subfield code="a">jardí</subfield>
   </datafield>
   <datafield tag="653" ind2=" " ind1=" ">
      <subfield code="a">espai public</subfield>
   </datafield>
   <datafield tag="653" ind2=" " ind1=" ">
      <subfield code="a">polivalent</subfield>
   </datafield>
   <datafield tag="653" ind2=" " ind1=" ">
      <subfield code="a">Equipaments culturals</subfield>
   </datafield>
   <datafield tag="653" ind2=" " ind1=" ">
      <subfield code="a">Jardins -- Disseny</subfield>
   </datafield>
   <datafield ind2="0" ind1="0" tag="245">
      <subfield code="a">Un Jardí : la resolució del límit ciutat-muntanya a Malgrat de Mar a través d’un jardí i un centre d’arts escèniques a l’àrea de l’Escultor Clarà</subfield>
   </datafield>
</record></metadata></record></GetRecord></OAI-PMH>